00697nam a2200241 a 4500001001300000003000900013005001700022008004100039020001000080082001300090100002300103245004200126260004700168300000900215500003500224505001600259650001900275700002300294902000800317942000700325952010800332999001500440nice12345678IN_TiNIC20260116011915.0050524s1961 mysa grp 000 0 eng  ac10000a270bFIR aFirth, Cyril Bruce aIntroduction to Indian Church History aMysorebChristian Literature Societyc1961 a272p aincludes index and biblioraphy2 aIndex, Maps aChurch-History1 aFirth, Cyril Bruce bSRS cBK 00104070aHMIbHMId2007-07-31g100.00l2m1o270 FIRp08453r2023-07-10s2023-03-20w2026-01-16yEB c4857d4857